Poesie: Gedichte ergänzen - Statistiken

Allgemein
  • Dieses Quiz wurde 411 mal gespielt
  • Das Durchschnittsergebnis liegt bei 8 aus 16
Antwortstatistiken
Dichter Titel Textzeile % Korrekt
Storm Knecht Ruprecht Von drauß vom Walde komm ich her / Ich muss Euch sagen es {weihnachtet} sehr
86%
Rilke Herbsttag Wer jetzt kein {Haus} hat, baut sich keines mehr
83%
Goethe Der Zauberlehrling Die ich rief, die {Geister} / Werd ich nun nicht los
79%
Goethe Der Erlkönig Ich liebe dich, mich reizt deine schöne Gestalt / Und bist du nicht {willig}, so brauch’ ich Gewalt
79%
Fontane Herr von Ribbeck Herr von Ribbeck auf Ribbeck im Havelland / Ein {Birnbaum} in seinem Garten stand
65%
Schiller An die Freude Sehn wir doch das Große aller Zeiten / Auf den Brettern, die die {Welt} {bedeuten}
53%
Kästner Moral Es gibt nichts Gutes / außer {man} {tut} {es}
52%
Hesse Stufen Und jedem Anfang wohnt ein {Zauber} inne / Der uns beschützt und der uns hilft, zu leben
51%
Claudius Ein silbern ABC Häng an die {große} {Glocke} nicht / Was jemand im Vertrauen spricht
48%
Mörike Er ist's Frühling lässt sein {blaues} {Band} / Wieder flattern durch die Lüfte
44%
Heine Nachtgedanken Denk ich an {Deutschland} in der Nacht / Dann bin ich um den Schlaf gebracht
34%
Eichendorff Der frohe Wandersmann Wem Gott will {rechte} {Gunst} erweisen / Den schickt er in die weite Welt
32%
Busch Die fromme Helene Es ist ein Brauch von alters her: Wer Sorgen hat, hat auch {Likör}
24%
Celan Todesfuge Schwarze {Milch} der Frühe wir trinken sie abends wir trinken sie mittags und morgens wir trinken sie nachts
24%
Ringelnatz Die Ameisen So will man oft und kann doch nicht / Und leistet dann recht gern {Verzicht}
15%
Brecht Der gute Mensch von Sezuan Wir stehen selbst enttäuscht und sehn betroffen / Den {Vorhang} zu und alle Fragen offen
13%
Keine übereinstimmenden Quizze gefunden
Verteilung der Resultate
Anzahl Personen mit jedem Resultat
Perzentil nach korrekt beantworteten Fragen
Ihre Resultats-Entwicklung
Sie haben dieses Quiz noch nicht gespielt